Письмо Г... Шиллингу М. Ф. /на французском языке/

Доступно только в Электронных читальных залах Найти на картеНа карте
RUSMARC
00004122nac2a22003013x 450
0012f522e2d-2579-4f52-9ed7-6d5cb9bce9ac
00520211214205342.0
100##$a20211122l1895 k y0rusy50 ca
1010#$afre
102##$aRU
105##$ay z |||||
1220#$ad18950316
2001#$aПисьмо Г... Шиллингу М. Ф. /на французском языке/
$j16 марта 1895
215##$a3 листа
251##$cДело
300##$aЗаголовок дела на папке: Письмо Г... Шиллингу М. Ф.
300##$aТекст на французском языке
300##$aЛист: 1 - конверт с маркой
300##$aРукописный текст
330##$aВходит в раздел описи: 3. Документы о научной и литературной деятельности барона Шиллинга М. Ф.. Письма разных лиц Шиллингу М. Ф.
461#0$1001ff9fc58f-089b-437b-980d-902343bc59d8
$12001
$aШиллинг Маврикий Фабианович, барон, секретарь русского посольства в Вене
$1251
$cФонд
$1852
$j813
462#0$1001665c067c-d934-4316-b9df-5bf0ad49190b
$12001
$aДела постоянного хранения. 1817-1917
$vД. 239
$1251
$cОпись
$1852
$j1
5171#$aПисьмо Г... Шиллингу М. Ф.
600#1$aШиллинг
$bМ. Ф.
$cбарон
$gМаврикий Фабианович
600#0$aГ...
801#0$aRU
$bGA_RF
801#1$aRU
$bГлавНИВЦ
$c20211122
$2rusmarc
801#2$aRU
$bПБ им. Б.Н. Ельцина
$c20211214
$gRCR
$2rusmarc
852##$aГА РФ
$j239
937##$d171607576
$hГАРФ
035##$aRuPRLIB51062081
856##$uhttp://readingroom.main.prlib.ru/item.aspx?id_node=n171607576&mode=full
Формат отображения